000 00850nam a22002057a 4500
010 _a1617CH-EN
020 _a9781447273400
_c299.00
035 _aB-647191-216
035 _aB-667907
037 _aDPL
_bTechniz/Ven.
082 _aS
100 _aDonaldson, Julia
245 _aFox's socks:
_cby Julia Donaldson [and] Axel scheffler
_ba lift-the-flap book /
260 _bMacmillan
_c2015
_aLondon
270 _a20 New Wharf Road,
_bLondon
_eNI 9RR
300 _a10p.
_c17cm(Hb)
942 _2ddc
_cCH
_mDON
_hS
999 _c100904
_d100904